000 00473nam a22001697a 4500
003 OSt
005 20220107122824.0
008 161227b xxu||||| |||| 00| 0 eng d
040 _cIIITMK
100 _aShahul Hammed K (1350014)
_911185
245 _aE-office – “ Transforming governance to good governance”
300 _aPGDeG
502 _bPGDEG
_c2013-14
_dEXT
_eSunil Devassy, SeMT
650 _aE GOVERNANCE
_911287
651 _aE OFFICE
_911288
942 _2ddc
_cPR
999 _c5552
_d5552